<?xml version='1.0' encoding='UTF-8'?>
  <record xmlns="http://www.loc.gov/MARC21/slim">
    <leader>00000cam a22000007i 4500</leader>
    <controlfield tag="001">ocm67972459</controlfield>
    <controlfield tag="003">OCoLC</controlfield>
    <controlfield tag="005">20240605174508.4</controlfield>
    <controlfield tag="008">981207s1580    be            000 0 dut d</controlfield>
    <datafield tag="040" ind1=" " ind2=" ">
      <subfield code="a">NLGGC</subfield>
      <subfield code="b">dut</subfield>
      <subfield code="e">fobidrtb</subfield>
      <subfield code="c">NLGGC</subfield>
      <subfield code="d">OCLCQ</subfield>
    </datafield>
    <datafield tag="029" ind1="0" ind2=" ">
      <subfield code="a">NLGGC</subfield>
      <subfield code="b">17559953X</subfield>
    </datafield>
    <datafield tag="035" ind1=" " ind2=" ">
      <subfield code="a">(OCoLC)67972459</subfield>
    </datafield>
    <datafield tag="072" ind1=" " ind2="7">
      <subfield code="a">a</subfield>
      <subfield code="2">odfysin</subfield>
    </datafield>
    <datafield tag="072" ind1=" " ind2="7">
      <subfield code="a">j</subfield>
      <subfield code="2">odfysin</subfield>
    </datafield>
    <datafield tag="072" ind1=" " ind2="7">
      <subfield code="a">w</subfield>
      <subfield code="2">odfysin</subfield>
    </datafield>
    <datafield tag="245" ind1="0" ind2="0">
      <subfield code="a">Ban, ende edict by forme van proscriptie, vuytghegaen ende gedecreteert by onsen ... coninck, tegens Wilhelm van Nassau, prince van Oraignien, als hooft, beruerder ende bederuer van tgeheel Christenrijck, ende namentlijck van dese Nederlanden :</subfield>
      <subfield code="b">waer by een yegelijck geaucthoriseert wordt van hem te beschadigen, offenderen, ende vuyter weerelt te helpen, mit loon ende prijs voorden genen die des doen, oft daer toe assisteren sullen.</subfield>
    </datafield>
    <datafield tag="260" ind1=" " ind2=" ">
      <subfield code="a">Tot Louen :</subfield>
      <subfield code="b">by Jan Maes,</subfield>
      <subfield code="c">1580.</subfield>
    </datafield>
    <datafield tag="300" ind1=" " ind2=" ">
      <subfield code="a">[2], xxviii p. :</subfield>
      <subfield code="b">met wapenschild op keerzijde van het titelblad. ;</subfield>
      <subfield code="c">in-8.</subfield>
    </datafield>
    <datafield tag="336" ind1=" " ind2=" ">
      <subfield code="a">tekst</subfield>
      <subfield code="b">txt</subfield>
      <subfield code="2">rdacontent/dut</subfield>
    </datafield>
    <datafield tag="337" ind1=" " ind2=" ">
      <subfield code="a">zonder medium</subfield>
      <subfield code="b">n</subfield>
      <subfield code="2">rdamedia/dut</subfield>
    </datafield>
    <datafield tag="338" ind1=" " ind2=" ">
      <subfield code="a">band</subfield>
      <subfield code="b">nc</subfield>
      <subfield code="2">rdacarrier/dut</subfield>
    </datafield>
    <datafield tag="500" ind1=" " ind2=" ">
      <subfield code="a">A-D 4 (-D4).</subfield>
    </datafield>
    <datafield tag="510" ind1="0" ind2=" ">
      <subfield code="a">Knuttel 527; Van Someren 86</subfield>
    </datafield>
    <datafield tag="510" ind1="0" ind2=" ">
      <subfield code="a">Belgica typographica 2911</subfield>
    </datafield>
    <datafield tag="710" ind1="0" ind2=" ">
      <subfield code="a">Masius, Joannes (I, Leuven)</subfield>
      <subfield code="4">prt</subfield>
      <subfield code="0">(NL-LeOCL)077150589</subfield>
    </datafield>
    <datafield tag="776" ind1="0" ind2=" ">
      <subfield code="t">Ban, ende edict by forme van proscriptie, vuytghegaen ende gedecreteert by onsen ... coninck, tegens Wilhelm van Nassau, prince van Oraignien, als hooft, beruerder ende bederuer van tgeheel Christenrijck, ende namentlijck van dese Nederlanden</subfield>
      <subfield code="w">(NL-LeOCL)427266491</subfield>
    </datafield>
    <datafield tag="936" ind1=" " ind2=" ">
      <subfield code="a">BATCHLOAD</subfield>
    </datafield>
  </record>